| Tag |
First Indicator |
Second Indicator |
Subfields |
| LEADER |
00000cam a2200000 a 4500 |
| 001 |
in00000782817 |
| 005 |
20151017063156.0 |
| 008 |
860614c19861985nyu 00011 eng d |
| 020 |
|
|
|a 0446300268 (pbk.)
|
| 035 |
|
|
|a (OCoLC)13731206
|
| 035 |
|
|
|9 ADN1157AM
|
| 040 |
|
|
|a INR
|c INR
|d m/c
|d TXA
|d UtOrBLW
|
| 049 |
1 |
|
|a TXA1 [SCIF]
|
| 090 |
|
|
|a PR6058.A6876
|b S4 1986
|
| 092 |
|
|
|a PB
|b FS
|
| 100 |
1 |
|
|a Harpur, Patrick.
|
| 245 |
1 |
4 |
|a The serpent's circle /
|c Patrick Harpur.
|
| 264 |
|
1 |
|a New York :
|b Warner Books,
|c 1986
|
| 264 |
|
4 |
|c ©1985
|
| 300 |
|
|
|a 261 pages ;
|c 18 cm.
|
| 336 |
|
|
|a text
|b txt
|2 rdacontent
|
| 337 |
|
|
|a unmediated
|b n
|2 rdamedia
|
| 338 |
|
|
|a volume
|b nc
|2 rdacarrier
|
| 999 |
|
|
|a MARS
|
| 999 |
f |
f |
|s 43ac217e-57f0-39ea-8840-38f8d7bf2c7f
|i 936eb824-e7e8-30a2-b9db-3677f9af24fd
|t 0
|
| 952 |
f |
f |
|p noncirc
|a Texas A&M University
|b College Station
|c Cushing Memorial Library & Archives
|d Cushing: Science Fiction (Does not check out)
|t 0
|e PR6058.A6876 S4 1986
|h Library of Congress classification
|i unmediated -- volume
|
| 998 |
f |
f |
|a PR6058.A6876 S4 1986
|t 0
|l Cushing: Science Fiction (Does not check out)
|